Schaum's outline of theory and problems of theoretical mechanics, with an introduction to hagranges (Record no. 80337)

MARC details
000 -LEADER
fixed length control field 00876nam a2200169 a 4500
008 - FIXED-LENGTH DATA ELEMENTS--GENERAL INFORMATION
fixed length control field 120416s0000 ||||||||||||||||| || u
020 ## - INTERNATIONAL STANDARD BOOK NUMBER
International Standard Book Number 0070602328
050 ## - LIBRARY OF CONGRESS CALL NUMBER
Classification number QA 871 Spi
100 ## - MAIN ENTRY--PERSONAL NAME
Personal name Spiegel, Murray R
245 10 - TITLE STATEMENT
Title Schaum's outline of theory and problems of theoretical mechanics, with an introduction to hagranges
260 ## - PUBLICATION, DISTRIBUTION, ETC.
Place of publication, distribution, etc. New York
Name of publisher, distributor, etc. McGraw-Hill
Date of publication, distribution, etc. 1990
300 ## - PHYSICAL DESCRIPTION
Extent [4], 368p. : ill.
350 ## -
-- 0.00
995 ## -
-- BINDERY (DAMAGED)
-- 0.00
-- 724807
-- CBU-MAIN LIBRARY (Kitwe)
-- 1
-- 9.95
-- QA 871 Spi
-- 3
-- DAMAGED
-- 012714
-- Main Library Open Access Collection
995 ## -
-- BINDERY (DAMAGED)
-- 0.00
-- 724809
-- CBU-MAIN LIBRARY (Kitwe)
-- 3
-- 9.95
-- QA 871 Spi
-- 1
-- DAMAGED
-- 012712
-- Main Library Open Access Collection
995 ## -
-- MAIN LIBRARY OPEN ACCESS
-- 0.00
-- 724808
-- CBU-MAIN LIBRARY (Kitwe)
-- 2
-- 9.95
-- QA 871 Spi
-- 2
-- AVAILABLE
-- 012713
-- Main Library Open Access Collection
999 ## -
-- 80337
-- 80337
Holdings
Withdrawn status Lost status Source of classification or shelving scheme Damaged status Not for loan Permanent Location Current Location Shelving location Date acquired Total Checkouts Full call number Barcode Date last seen Copy number Price effective from Koha item type
          CBU-MAIN LIBRARY, KITWE. CBU-MAIN LIBRARY, KITWE.   06/29/2023   QA 871 Spi 012714 06/29/2023 1 06/29/2023 MONOGRAPH
          CBU-MAIN LIBRARY, KITWE. CBU-MAIN LIBRARY, KITWE.   06/29/2023   QA 871 Spi 012712 06/29/2023 2 06/29/2023 MONOGRAPH
          CBU-MAIN LIBRARY, KITWE. CBU-MAIN LIBRARY, KITWE.   06/29/2023   QA 871 Spi 012713 06/29/2023 3 06/29/2023 MONOGRAPH